Tarbuck on showbiz

Bibliographic Details
Main Author: Tarbuck, Jimmy
Format: Book
Published: London : Willow books , 1985
Subjects:

MARC

LEADER 00000cam a2200000 7i4500
001 0000000167
002 000000228
005 20000330.0
020 |a 0002181908 
090 0 0 |a 791.0207   |b TAR 
100 1 |a Tarbuck, Jimmy 
245 1 0 |a Tarbuck on showbiz   |c Jimmy Tarbuck 
260 |a London :   |b Willow books ,   |c 1985 
300 |a 120p. ;   |c 26cm. 
650 0 0 |a Amusements   |x Anecdotes, facetiae,satire etc 
999 |a 027487   |b BUKU   |c PINJAMAN   |e PERPUSTAKAAN KOMUNITI PETALING JAYA